WORKSHOP TECHNOLOGY V-3 (Record no. 32630)

000 -LEADER
fixed length control field 00265nam a22001217a 4500
082 ## - DEWEY DECIMAL CLASSIFICATION NUMBER
Classification number 670.4223
100 ## - MAIN ENTRY--PERSONAL NAME
Personal name GUPTA, R.B.
245 ## - TITLE STATEMENT
Title WORKSHOP TECHNOLOGY V-3
260 ## - PUBLICATION, DISTRIBUTION, ETC.
Place of publication, distribution, etc. Satya Prakashan,
Name of publisher, distributor, etc. New Delhi,
Date of publication, distribution, etc. 2005.
300 ## - PHYSICAL DESCRIPTION
Extent Invp
500 ## - GENERAL NOTE
General note Paperback.
942 ## - ADDED ENTRY ELEMENTS (KOHA)
Koha item type Book
Holdings
Withdrawn status Lost status Source of classification or shelving scheme Damaged status Not for loan Permanent Location Current Location Date acquired Total Checkouts Full call number Barcode Date last seen Price effective from Koha item type Shelving location
          Central Library (CL) Central Library (CL) 10/08/2015   670.4223 GUP SMME-1441 03/29/2018 10/08/2015 Book  
          School of Mechanical & Manufacturing Engineering (SMME) School of Mechanical & Manufacturing Engineering (SMME) 10/08/2015   670.4223 GUP SMME-1442 03/29/2018 10/08/2015 Book Text Books
© 2023 Central Library, National University of Sciences and Technology. All Rights Reserved.